Chữa bệnh trẻ em
Αποθηκεύτηκε σε:
| Κύριος συγγραφέας: | |
|---|---|
| Μορφή: | Βιβλίο |
| Γλώσσα: | Undetermined |
| Έκδοση: |
Hà Nội
Y Học
1998
|
| Θέματα: | |
| Ετικέτες: |
Προσθήκη ετικέτας
Δεν υπάρχουν, Καταχωρήστε ετικέτα πρώτοι!
|
| Thư viện lưu trữ: | Trung tâm Học liệu Trường Đại học Cần Thơ |
|---|
| LEADER | 00532nam a2200193Ia 4500 | ||
|---|---|---|---|
| 001 | CTU_39288 | ||
| 008 | 210402s9999 xx 000 0 und d | ||
| 020 | |b 32.000đ | ||
| 082 | |a 616.92 | ||
| 082 | |b T561 | ||
| 100 | |a Chu Văn Tường | ||
| 245 | 0 | |a Chữa bệnh trẻ em | |
| 245 | 0 | |c Chu Văn Tường | |
| 260 | |a Hà Nội | ||
| 260 | |b Y Học | ||
| 260 | |c 1998 | ||
| 650 | |a children - health and hygiene,pediatrics | ||
| 904 | |i Minh, 001108 | ||
| 980 | |a Trung tâm Học liệu Trường Đại học Cần Thơ | ||